[Event "ARG-chT"]
[Site "Villa Martelli"]
[Date "2017.08.26"]
[Round "4.2"]
[White "Bertorello, Constanza"]
[Black "Palomba, Damian"]
[Result "0-1"]
[WhiteElo "1319"]
[BlackElo "1980"]
[PlyCount "76"]
[EventDate "2017.08.05"]
[EventType "team-swiss"]
[EventRounds "9"]
[EventCountry "ARG"]
[SourceTitle "CBM 180 Extra"]
[Source "ChessBase"]
[SourceDate "2017.10.06"]
[SourceVersion "1"]
[SourceVersionDate "2017.10.06"]
[SourceQuality "1"]
[WhiteTeam "La Torre del Castillo"]
[BlackTeam "Nac del Sur Univ"]
[WhiteTeamCountry "ARG"]
[BlackTeamCountry "ARG"]

1. e4 c5 2. Nc3 d6 3. f4 Nc6 4. Nf3 g6 5. d3 Bg7 6. Be2 Bg4 7. 0-0 e6 8. h3 Bxf3 9. Bxf3 Nge7 10. Ne2 d5 11. c3 0-0 12. Qe1 b5 13. b3 Rc8 14. Bd2 Qd7 15. Rd1 Rfd8 16. g4 c4 17. exd5 Nxd5 18. Bxd5 Qxd5 19. dxc4 bxc4 20. f5 exf5 21. Bg5 Qc5+ 22. Qf2 Qxf2+ 23. Kxf2 Rxd1 24. Rxd1 cxb3 25. axb3 fxg4 26. hxg4 Ne5 27. Kg3 h6 28. Rd8+ Rxd8 29. Bxd8 Nc6 30. Bc7 Kf8 31. Kf3 Ke7 32. Ke4 Ke6 33. Nd4+ Nxd4 34. cxd4 f5+ 35. gxf5+ gxf5+ 36. Ke3 h5 37. Bb8 a6 38. Kd3 Kd5 0-1